| 000 | 00411nam a22001457a 4500 | ||
|---|---|---|---|
| 020 | _qPB. | ||
| 040 | _cFizza Ishaq | ||
| 082 |
_a121 _bAND |
||
| 100 |
_aMetcalfe, Sheldon. _9133892 |
||
| 245 |
_aBuilding Foundations for Communication and Building a Speech / _cSheldon Metcalfe. |
||
| 250 | _a7th Ed. | ||
| 260 |
_aNew York : _bCENGAGE, _c2009. |
||
| 300 |
_a392 p. ; _c7.9x9.9 x3.2 inches |
||
| 942 |
_2ddc _cBK |
||
| 999 |
_c616856 _d616856 |
||